<?xml version="1.0" encoding="UTF-8"?>
<record
    xmlns:xsi="http://www.w3.org/2001/XMLSchema-instance"
    xsi:schemaLocation="http://www.loc.gov/MARC21/slim http://www.loc.gov/standards/marcxml/schema/MARC21slim.xsd"
    xmlns="http://www.loc.gov/MARC21/slim">

  <leader>00552nam a22001937a 4500</leader>
  <controlfield tag="005">20260604105616.0</controlfield>
  <controlfield tag="008">260604b        |||||||| |||| 00| 0 eng d</controlfield>
  <datafield tag="020" ind1=" " ind2=" ">
    <subfield code="a">9789380444796</subfield>
    <subfield code="c">795.00</subfield>
  </datafield>
  <datafield tag="040" ind1=" " ind2=" ">
    <subfield code="a">MAIN</subfield>
  </datafield>
  <datafield tag="041" ind1=" " ind2=" ">
    <subfield code="a">English</subfield>
  </datafield>
  <datafield tag="082" ind1=" " ind2=" ">
    <subfield code="a">510.24058 </subfield>
    <subfield code="b">AGG</subfield>
  </datafield>
  <datafield tag="100" ind1=" " ind2=" ">
    <subfield code="a">Aggarwal, Kapil Kumar</subfield>
    <subfield code="9">18618</subfield>
  </datafield>
  <datafield tag="245" ind1=" " ind2=" ">
    <subfield code="a">Business Mathematics And Statistics</subfield>
    <subfield code="b"> : For Commerce And Management</subfield>
  </datafield>
  <datafield tag="260" ind1=" " ind2=" ">
    <subfield code="a">New Delhi</subfield>
    <subfield code="b"> A.B. Publication</subfield>
    <subfield code="c">2022</subfield>
  </datafield>
  <datafield tag="300" ind1=" " ind2=" ">
    <subfield code="a">506</subfield>
  </datafield>
  <datafield tag="650" ind1=" " ind2=" ">
    <subfield code="a">Commerce (PM USHA)</subfield>
    <subfield code="9">26705</subfield>
  </datafield>
  <datafield tag="700" ind1=" " ind2=" ">
    <subfield code="a">Aggarwal, Vishu</subfield>
    <subfield code="9">18619</subfield>
  </datafield>
  <datafield tag="942" ind1=" " ind2=" ">
    <subfield code="c">BK</subfield>
  </datafield>
  <datafield tag="999" ind1=" " ind2=" ">
    <subfield code="c">60982</subfield>
    <subfield code="d">60982</subfield>
  </datafield>
  <datafield tag="952" ind1=" " ind2=" ">
    <subfield code="0">0</subfield>
    <subfield code="1">0</subfield>
    <subfield code="2">ddc</subfield>
    <subfield code="4">0</subfield>
    <subfield code="6">510_240580000000000_AGG</subfield>
    <subfield code="7">0</subfield>
    <subfield code="9">94297</subfield>
    <subfield code="a">MAIN</subfield>
    <subfield code="b">MAIN</subfield>
    <subfield code="d">2026-06-04</subfield>
    <subfield code="l">0</subfield>
    <subfield code="o">510.24058  AGG</subfield>
    <subfield code="p">34558</subfield>
    <subfield code="r">2026-06-04</subfield>
    <subfield code="w">2026-06-04</subfield>
    <subfield code="y">BK</subfield>
  </datafield>
  <datafield tag="952" ind1=" " ind2=" ">
    <subfield code="0">0</subfield>
    <subfield code="1">0</subfield>
    <subfield code="2">ddc</subfield>
    <subfield code="4">0</subfield>
    <subfield code="6">510_240580000000000_AGG</subfield>
    <subfield code="7">0</subfield>
    <subfield code="9">94298</subfield>
    <subfield code="a">MAIN</subfield>
    <subfield code="b">MAIN</subfield>
    <subfield code="d">2026-06-04</subfield>
    <subfield code="l">0</subfield>
    <subfield code="o">510.24058  AGG</subfield>
    <subfield code="p">34559</subfield>
    <subfield code="r">2026-06-04</subfield>
    <subfield code="w">2026-06-04</subfield>
    <subfield code="y">BK</subfield>
  </datafield>
  <datafield tag="952" ind1=" " ind2=" ">
    <subfield code="0">0</subfield>
    <subfield code="1">0</subfield>
    <subfield code="2">ddc</subfield>
    <subfield code="4">0</subfield>
    <subfield code="6">510_240580000000000_AGG</subfield>
    <subfield code="7">0</subfield>
    <subfield code="9">94299</subfield>
    <subfield code="a">MAIN</subfield>
    <subfield code="b">MAIN</subfield>
    <subfield code="d">2026-06-04</subfield>
    <subfield code="l">0</subfield>
    <subfield code="o">510.24058  AGG</subfield>
    <subfield code="p">34560</subfield>
    <subfield code="r">2026-06-04</subfield>
    <subfield code="w">2026-06-04</subfield>
    <subfield code="y">BK</subfield>
  </datafield>
  <datafield tag="952" ind1=" " ind2=" ">
    <subfield code="0">0</subfield>
    <subfield code="1">0</subfield>
    <subfield code="2">ddc</subfield>
    <subfield code="4">0</subfield>
    <subfield code="6">510_240580000000000_AGG</subfield>
    <subfield code="7">0</subfield>
    <subfield code="9">94300</subfield>
    <subfield code="a">MAIN</subfield>
    <subfield code="b">MAIN</subfield>
    <subfield code="d">2026-06-04</subfield>
    <subfield code="l">0</subfield>
    <subfield code="o">510.24058  AGG</subfield>
    <subfield code="p">34561</subfield>
    <subfield code="r">2026-06-04</subfield>
    <subfield code="w">2026-06-04</subfield>
    <subfield code="y">BK</subfield>
  </datafield>
  <datafield tag="952" ind1=" " ind2=" ">
    <subfield code="0">0</subfield>
    <subfield code="1">0</subfield>
    <subfield code="2">ddc</subfield>
    <subfield code="4">0</subfield>
    <subfield code="6">510_240580000000000_AGG</subfield>
    <subfield code="7">0</subfield>
    <subfield code="9">94301</subfield>
    <subfield code="a">MAIN</subfield>
    <subfield code="b">MAIN</subfield>
    <subfield code="d">2026-06-04</subfield>
    <subfield code="l">0</subfield>
    <subfield code="o">510.24058  AGG</subfield>
    <subfield code="p">34562</subfield>
    <subfield code="r">2026-06-04</subfield>
    <subfield code="w">2026-06-04</subfield>
    <subfield code="y">BK</subfield>
  </datafield>
</record>
